Halsbury's laws of England : Income taxation, 2002 vol. 23 (2). / (Record no. 5246)

MARC details
000 -LEADER
fixed length control field 00790nam a22001697a 4500
008 - FIXED-LENGTH DATA ELEMENTS--GENERAL INFORMATION
fixed length control field 140924b xxu||||| |||| 00| 0 eng d
020 ## - INTERNATIONAL STANDARD BOOK NUMBER
International Standard Book Number 9780406047762
050 ## - LIBRARY OF CONGRESS CALL NUMBER
Classification number KD310.H346
245 ## - TITLE STATEMENT
Title Halsbury's laws of England : Income taxation, 2002 vol. 23 (2). /
Statement of responsibility, etc. edited by Lord Mackay.
250 ## - EDITION STATEMENT
Edition statement 4th ed.
260 ## - PUBLICATION, DISTRIBUTION, ETC.
Place of publication, distribution, etc. London :
Name of publisher, distributor, etc. Butterworths ,
Date of publication, distribution, etc. 2013.
300 ## - PHYSICAL DESCRIPTION
Extent 981p. :
Dimensions 26cm.
440 ## - SERIES STATEMENT/ADDED ENTRY--TITLE
Name of part/section of a work Income taxation.
Volume/sequential designation vol.23 (2)
500 ## - GENERAL NOTE
General note Includes index.
505 ## - FORMATTED CONTENTS NOTE
Formatted contents note Contents: Income taxation: Introduction -- Commissioners, inspectors and collectors of taxes -- Schedule A and associated charges -- Schedule D generally: Cases 1 and 2 -- Capital allowances -- Cases 3 to 4 of schedule D -- Schedule E -- Sub-construction industry -- Taxation of companies -- Index.
942 ## - ADDED ENTRY ELEMENTS (KOHA)
Source of classification or shelving scheme Library of Congress Classification
Koha item type Books
Holdings
Withdrawn status Lost status Source of classification or shelving scheme Damaged status Not for loan Collection code Home library Current library Shelving location Date acquired Total Checkouts Full call number Barcode Date last seen Copy number Price effective from Koha item type
    Library of Congress Classification     Non-fiction WISCONSIN INTERNATIONAL UNIVERSITY COLLEGE, GHANA - MAIN LIBRARY WISCONSIN INTERNATIONAL UNIVERSITY COLLEGE, GHANA - MAIN LIBRARY Law Library 24/09/2014   KD310.H346 1073/61/14 24/09/2014 1 24/09/2014 Books

If you have any concerns or questions; kindly contact the library


© Powered by WIUC ICT DIRECTORATE